00753 2200241 4500001002100000005001500021035002000036007000300056008004100059020002200100082001000122084001600132100001200148245005000160250001100210260003900221300003700260700001100297505016400308990001300472990001300485990001300498INLIS00000000000587420201217124019 a0010-1220000266ta201217 g 0 ind  a978-602-18785-6-9 a371.6 a371.6 BAR m0 aBarnawi1 aManajemen Sarana & Prasana Sekolah /cBarnawi acet. 2 aJogjakarta :bAR-RUZZ MEDIA,c2020 a268 hlm. :bilus ;c14.8 x 21 cm1 aArifin abuku ini berisi tentang Sarana dan prasarana pendidikan merupakan instrumen penting dalam pendidikan dan menjadi satu dari delapan standar nasional pendidikan. a61526152 a61526152 a61526152